Veľká Fatra Hotel Malina : zrubové chatky pod Halinami : kabínková lanovka na Málinô : kúpalisko pri hoteli

Zobrazenie: Štyri čiastkové pohľady, každý v bielom orámovaní, všetky spolu v žltom orámovaní. Uprostred medzi pohľadmi je vľavo červeným písmom na žltom podklade názov. Vpravo od neho je modrobiely názov značky hotela "Inter Hotel". Pohľad na Horský Hotel Malina, za ním sú vysoké skaly, p...

Celý popis

Podrobná bibliografia
Ďalší autori: Zibrin, Zdeno (fotograf) (Fotograf)
Médium: Fotografia
Jazyk:slovenčina
angličtina
nemčina
ruština
Fyzický popis:1 pohľadnica (4 čiastkové pohľady) farebná 15 x 11 cm
Vydavateľské údaje: Bratislava ČSTK-Pressfoto 1978
Predmet:

MARC

LEADER 00000ckm a2200000 a 4500
001 vtls012006942
003 SK-MaSNL
005 20260331212331.0
007 kf co
008 230718s1978 xo g 0kuslo
015 |a SNBG1978 
035 |a urn:nbn:sk:snk-km00gidr 
035 |a 95E92984-C45C-4E99-AF9D-73C2549F8FAD 
040 |a SNK  |b slo  |c SNK  |e AACR2 
041 0 |a slo  |a eng  |a ger  |a rus 
043 |a e-xo--- 
044 |a xo  |c SK 
072 7 |a 913  |x Regionálna geografia  |2 konspekt 
080 |a 913(437.6)  |2 2011 
080 |a 908(437.6)  |2 2011 
080 |a 728.5(23)  |2 2011 
080 |a 725.1:613.47  |2 2011 
080 |a 640.412(23)  |2 2011 
080 |a 551.435.4  |2 2011 
080 |a (084.121)  |2 2011 
080 |a 728.61  |2 2011 
080 |a 625.5  |2 2011 
080 |a 911.2(23.0)  |2 2011 
100 1 |a Zibrin, Zdeno  |c (fotograf)  |4 pht  |9 283305 
245 1 0 |a Veľká Fatra  |h grafika  |b Hotel Malina : zrubové chatky pod Halinami : kabínková lanovka na Málinô : kúpalisko pri hoteli  |c foto: Z. Zibrin 
246 3 1 |a Velikaja Fatra 
246 3 1 |a The Great Fatra 
246 3 1 |a Grosse Fatra 
246 1 |i Názov na obrazovej časti:  |a Hotel Malina 
260 |a Bratislava  |b ČSTK-Pressfoto  |c 1978  |e Skalica  |f Grafobal 
300 |a 1 pohľadnica (4 čiastkové pohľady)  |b farebná  |c 15 x 11 cm 
520 8 |a Zobrazenie: Štyri čiastkové pohľady, každý v bielom orámovaní, všetky spolu v žltom orámovaní. Uprostred medzi pohľadmi je vľavo červeným písmom na žltom podklade názov. Vpravo od neho je modrobiely názov značky hotela "Inter Hotel". Pohľad na Horský Hotel Malina, za ním sú vysoké skaly, pred ním je trávnatá plocha pretnutá cestou. Vľavo dole je skupinka turistov. Pohľad na kabínkovú lanovku vpravo nad ihličnatými stromami. Pohľad na drevené chaty pod vysokými skalami. Pred nimi je množstvo detí. Pohľad na bazén, okolo neho deti, v pozadí sú vysoké hory 
546 |a Súbežný názov v angličtine, nemčine a ruštine 
650 0 7 |a skalné útvary  |2 SNKPH  |9 115197 
650 0 7 |a horské hotely  |2 SNKPH  |9 116868 
650 0 7 |a chaty  |2 SNKPH  |9 29339 
650 0 7 |a hory  |2 SNKPH  |9 55651 
650 0 7 |a lanovky  |2 SNKPH  |9 16006 
650 0 7 |a bazény  |2 SNKPH  |9 30214 
651 7 |a Malinné (Veľká Fatra, Slovensko : vrch)  |2 SNKPHgeo  |9 57564 
655 7 |a miestne pohľadnice  |2 SNKPH  |9 70510 
655 7 |a geografické pohľadnice  |2 SNKPH  |9 70522 
852 |a Slovenská národná knižnica 
954 |a pohľadnice pôvodné (slovenské)  |2 lita 
958 |a GBN 
958 |a GC 
958 |a OND 
958 |a EUIPO 
999 |c 697604  |d 699534 
952 |a SNK  |b SNK  |y PREZ  |7 0  |p 17A1410475  |o snkSP 102557  |8 0  |0 0  |1 0  |4 0  |d 2020-12-02  |f 1  |l 0  |r 2026-02-23 20:47:01  |w 2026-02-23 
952 |a SNK  |b SNK  |y PREZ  |7 0  |p 17A1410474  |o snkSP 102557 D1  |8 0  |0 0  |1 0  |4 0  |d 2020-12-02  |l 0  |r 2026-02-23 20:47:01  |w 2026-02-23